[Event "IECG CP.2007.P.00081 email"]
[Site "IECG email"]
[Date "2007.10.01"]
[Round "?"]
[White "Dicey, Alan"]
[Black "Schwarz, Frank"]
[Result "0-1"]
[WhiteElo "1200"]
[BlackElo "2033"]
[PlyCount "52"]
[EventDate "2007.10.01"]
[EventType "tourn (corr)"]
[EventRounds "6"]
[SourceTitle "Corr 2011"]
[Source "ChessBase"]
[SourceDate "2010.08.31"]
[SourceVersion "1"]
[SourceVersionDate "2010.08.31"]
[SourceQuality "1"]

1. Nf3 Nf6 2. Nc3 d5 3. d4 c5 4. dxc5 e6 5. e4 Bxc5 6. exd5 exd5 7. Bd3 h6 8. 0-0 0-0 9. Na4 Bd6 10. Re1 Nc6 11. Nc3 a6 12. h3 Be6 13. Be3 Re8 14. Nd4 Bd7 15. Nxc6 bxc6 16. Bd4 Rxe1+ 17. Qxe1 Be6 18. Na4 Nh5 19. Qc3 Nf4 20. Qxc6 Rc8 21. Qxa6 Qg5 22. g3 Nxh3+ 23. Kf1 Qg4 24. Qb6 Bc7 25. Qa7 Qf3 26. Ke1 Bb8 0-1

[Event "IECG CP.2007.P.00081 email"]
[Site "IECG email"]
[Date "2007.10.01"]
[Round "?"]
[White "Taffijn, Aadrian"]
[Black "Dicey, Alan"]
[Result "1-0"]
[WhiteElo "1578"]
[BlackElo "1200"]
[PlyCount "53"]
[EventDate "2007.10.01"]
[EventType "tourn (corr)"]
[EventRounds "6"]
[SourceTitle "Corr 2011"]
[Source "ChessBase"]
[SourceDate "2010.08.31"]
[SourceVersion "1"]
[SourceVersionDate "2010.08.31"]
[SourceQuality "1"]

1. d4 e6 2. Nd2 c5 3. e4 cxd4 4. Ngf3 Qf6 5. e5 Qf5 6. Bd3 Qh5 7. Ne4 Bb4+ 8. c3 dxc3 9. bxc3 d5 10. Ng3 Bxc3+ 11. Ke2 Qxf3+ 12. gxf3 Bxa1 13. Bf4 g5 14. Qxa1 gxf4 15. Nh5 Ne7 16. Nf6+ Kd8 17. Qd4 Nd7 18. Qxf4 Nc6 19. Rc1 Ncxe5 20. Nxd7 Nxd7 21. Bb5 a6 22. Bxd7 Ke7 23. Ba4 b5 24. Qb4+ Kd7 25. Qa5 Ke7 26. Bxb5 Kf6 27. Qc3+ 1-0

[Event "IECG CE.2004.0.00072 email"]
[Site "IECG email"]
[Date "2004.05.16"]
[Round "?"]
[White "Dicey, Alan"]
[Black "Thurrott, Allan"]
[Result "0-1"]
[WhiteElo "1200"]
[BlackElo "1164"]
[PlyCount "52"]
[EventDate "2004.05.16"]
[EventType "tourn (corr)"]
[EventRounds "6"]
[SourceTitle "Corr 2008"]
[Source "ChessBase"]
[SourceDate "2008.06.24"]
[SourceVersion "1"]
[SourceVersionDate "2008.06.24"]
[SourceQuality "1"]

1. e4 e5 2. Nf3 Nc6 3. Nc3 Nf6 4. g3 d5 5. d3 Bg4 6. Bg5 dxe4 7. Nxe4 Bb4+ 8. c3 Nxe4 9. Bxd8 Nxc3 10. bxc3 Bxc3+ 11. Ke2 Nd4+ 12. Ke3 Bxf3 13. Qa4+ b5 14. Qxd4 Bxd4+ 15. Kxf3 Bxa1 16. Bxc7 Rc8 17. Bd6 Bd4 18. Be2 Rc2 19. a3 a5 20. Rb1 Kd7 21. Bd1 Rxf2+ 22. Kg4 Kxd6 23. h3 h5+ 24. Kh4 Be3 25. g4 g5+ 26. Kg3 h4# 0-1